000 00500nam a2200169Ia 4500
008 230925s9999||||xx |||||||||||||| ||und||
082 _a621.45 SHA
100 _aShaukat, Iqra (328955)
_9118264
245 0 _aSelenization of ZIF-67 as Electrode Material for Supercapacitor Application /
260 _bUSPCAS-E, NUST,Islamabad :
_c2023
300 _a80 p.
520 _aTH-484
650 _vMS Thesis
_918721
650 _vMS-ESE Thesis
700 _aDr Naseem Iqbal
_916826
942 _cTHE
_2ddc
999 _c603231
_d603231